000 00382nam a2200133 i 4500
001 bg
100 1 _aJanuszewski, Bogusław.
245 0 _aWielorzutowe wiązkowe odwzorowania przestrzeni rzutowych wielowymiarowych na płaszczyznę /
_cB. Januszewski.
260 _aRzeszów,
_c1983.
040 _cBPK
041 _apol
942 _cKS
008 s pl f |000 0 pol
999 _c22043
_d22043
856 _uhttp://koha.tu.koszalin.pl/cgi-bin/koha/opac-detail.pl?biblionumber=22043
_yKatalog online BPK